000 00502nam a22001577a 4500
003 OSt
005 20151003095736.0
008 151003b xxu||||| |||| 00| 0 eng d
040 _cRUA
082 _aAVM ខៀវ 1992 B066 Or.1
100 _91851
_aខៀវ អមរា
245 _aការចិញ្ចឹមមាន់ពូជ ក្នុងស្រុកនៅប្រទេសកម្ពុជា
260 _aPhnom Penh
_bRUA
_c1992
300 _a69p.
_bill.
_c29cm.
942 _2ddc
_cAVM
999 _c1748
_d1748